KOHA-Header-6

Information Systems (Success In The 21st Century) (Record no. 6007)

000 -LEADER
fixed length control field 00277nam a2200109Ia 4500
008 - FIXED-LENGTH DATA ELEMENTS--GENERAL INFORMATION
fixed length control field 190906s9999||||xx |||||||||||||| ||und||
100 ## - MAIN ENTRY--PERSONAL NAME
Personal name UMA Gupta
245 #0 - TITLE STATEMENT
Title Information Systems (Success In The 21st Century)
260 ## - PUBLICATION, DISTRIBUTION, ETC. (IMPRINT)
Place of publication, distribution, etc London
Name of publisher, distributor, etc Addison
Date of publication, distribution, etc 2000
300 ## - PHYSICAL DESCRIPTION
Extent 428
942 ## - ADDED ENTRY ELEMENTS (KOHA)
Koha item type Books
Holdings
Withdrawn status Lost status Damaged status Not for loan Collection code Permanent Location Current Location Shelving location Date acquired Full call number Barcode Date last seen Price effective from Koha item type
        Management MAJU MAJU   2019-09-06 658.401 3301 2019-09-06 2019-09-06 Management

Powered by Koha